000 01245cam a2200349Li 4500
001 73651
005 20230410130910.0
008 990706s1997 mx 000 0 spa d
035 _a(OCoLC)ocn468881247
040 _aBDF
_bfre
_cBDF
016 7 _aFRBNF375288250000006
_2FrPBN
020 _a9684113986 (br)
020 _a9789684113985 (br)
029 1 _aZWZ
_b011110341
035 _a(OCoLC)468881247
049 _aGRAL
050 1 4 _aPQ 7298.17
_bG216e 1997
100 1 _aGarcía Ponce, Juan
245 1 3 _aLa escritura cómplice :
_bJuan García Ponce ante la crítica /
_cselección y prólogo de Armando Pereira.
260 _aMéxico :
_bUniversidad nacional autónoma de México :
_bEd. Era,
_c1997.
300 _a273 p. :
_bcouv. ill. ;
_c20 cm.
490 0 _aBiblioteca Era
500 _aBibliogr. p. 269-273.
600 0 7 _aGarcía Ponce, Juan,
_d1932-....
_xCritique et interprétation.
_2ram
700 0 _aPereira, Armando.
_4edt
856 4 2 _3Notice et cote du catalogue de la Bibliotháeque nationale de France
_uhttp://catalogue.bnf.fr/ark:/12148/cb375288253
886 1 _2intermrc
_a009
_bax-d---------------
886 2 _2intermrc
_a917
_b--
_oGEA
_a005342335
942 _2lcc
_cbk
994 _aC0
_bDRFGD
946 _aRCH
999 _c82339
_d82339